Personnages des jeux-vidéo - Statistiques

Statistiques générales
  • Ce quiz a été pris 255 fois
  • Le résultat moyen est 44 sur 100
Statistiques - réponses
Par images Réponse % Correct
Mario
100%
Luigi
97%
Peach
96%
Lara Croft
92%
Link
92%
Sonic
92%
Bowser
90%
Wario
89%
Pac-Man
88%
Toad
88%
Donkey Kong
87%
Yoshi
87%
Pikachu
86%
Waluigi
85%
Zelda
80%
Kirby
78%
Trevor Philips
77%
Agent 47
74%
Steve
74%
Kratos
73%
Daisy
71%
Roi Boo
70%
Dracaufeu
67%
Rayman
67%
Crash Bandicoot
65%
Creeper
64%
Spyro
62%
Harmonie
61%
Shadow
60%
Ratchet
58%
Diddy Kong
57%
Nathan Drake
57%
Bowser Jr.
54%
Professeur Layton
54%
Tom Nook
54%
Ganondorf
53%
Ryu
53%
Samus Aran
53%
Eggman
52%
Franklin Clinton
50%
Fox McCloud
49%
Mega Man
49%
Marie
48%
Michael De Santa
48%
Solid Snake
47%
Simon "Ghost" Riley
44%
Joel Miller
43%
Sub-Zero
43%
Geralt de Riv
42%
Clank
41%
Cloud Strife
39%
Ellie
39%
Spartan John-117
39%
Captain Falcon
38%
Falco Lombardi
38%
Séphiroth
37%
Chun-Li
36%
Ezio Auditore
36%
Pit
35%
Arthur Morgan
34%
Leon S. Kennedy
32%
Le Prince
32%
Altaïr Ibn-La'Ahad
31%
Aloy
30%
Pyramid Head
28%
Sackboy
28%
Inkling
27%
Carl Johnson
26%
Duke Nukem
26%
Ike
26%
Caitlyn
25%
M. Bison
25%
John Price
23%
Jonesy
22%
Niko Bellic
22%
Ashe
20%
Gordon Freeman
19%
Jhin
18%
Johnny MacTavish
18%
Ezreal
17%
Kai'Sa
17%
Ken Masters
17%
Lee Sin
17%
Bard
15%
Sylas
15%
Twisted Fate
15%
Sam Fisher
14%
Thresh
14%
Bloodhound
13%
Jill Valentine
12%
Albert Wesker
11%
Samuel Drake
11%
Marcus Fenix
9%
Vladimir Makarov
5%
Jimmy Hopkins
4%
Johnny Klebitz
4%
Augustus Cole
3%
Claude Speed
3%
Dani Rojas
2%
Luis Fernando Lopez
2%
Aucun quiz correspondant
Distribution des résultats
% des personnes avec chaque résultat
Percentile par nombre de réponses
Votre historique - résultats
Vous n’avez pas pris ce quiz